| 000 | 00686cab a2200229 4500 | ||
|---|---|---|---|
| 001 | X3665 | ||
| 008 | 090401t1996 xxu||||| |||| 00| 0 eng d | ||
| 035 | _a(Sirsi) u31961 | ||
| 041 | _aeng | ||
| 100 | _aThompson-Edge, J. | ||
| 245 | _aManchester surveyors win at Investors in People | ||
| 260 | _c1996 | ||
| 350 | _a0 | ||
| 490 |
_aCSM (Chartered Surveyor Monthly) _v5(9) June 1996, 43(1) |
||
| 520 | _aEvaluates how practices which joined an IIP scheme a year ago have got on. | ||
| 650 | _aINVESTORS IN PEOPLE | ||
| 650 | _aISO 9000 | ||
| 650 | _aQUALITY ASSURANCE | ||
| 690 | _aMANAGEMENT-BUSINESS MANAGEMENT-PROFESSIONAL PRACTICE | ||
| 942 | _n0 | ||
| 948 | _c04/03/1997 | ||
| 999 |
_c21448 _d21448 |
||